[Event "43. Olimpiada Batumi 2018 Femenina"]
[Site "Batumi GEO"]
[Date "2018.09.30"]
[Round "6.3"]
[White "Gunina, Valentina"]
[Black "Sargsyan, Anna M"]
[Result "1/2-1/2"]
[WhiteElo "2528"]
[BlackElo "2331"]
[PlyCount "132"]
[EventDate "2018.09.24"]
[EventType "team-swiss"]
[EventRounds "11"]
[EventCountry "GEO"]
[SourceTitle "Ajedrez en Madrid"]
[Source "lmi"]
[SourceDate "2018.09.24"]
[WhiteTeam "Russia"]
[BlackTeam "Armenia"]
[WhiteTeamCountry "RUS"]
[BlackTeamCountry "ARM"]

1. e4 c6 2. Nc3 d5 3. Nf3 Bg4 4. h3 Bxf3 5. Qxf3 Nf6 6. Be2 e6 7. O-O Nbd7 8.
d4 dxe4 9. Nxe4 Nxe4 10. Qxe4 Nf6 11. Qd3 h6 12. c3 Bd6 13. Bd1 O-O 14. Bc2 Qe7
15. Re1 Rad8 16. Qf3 Rfe8 17. Be3 Nd7 18. Rad1 Qh4 19. Bc1 Nf6 20. a3 Bc7 21.
Bd3 Qh5 22. Qxh5 Nxh5 23. g3 Rd7 24. Kg2 Red8 25. Bc2 Nf6 26. f4 g6 27. Kf3 Kg7
28. Be3 Nd5 29. Bf2 h5 30. c4 Ne7 31. g4 hxg4+ 32. hxg4 Bb6 33. c5 Bc7 34. Bh4
Rh8 35. Rh1 Ng8 36. f5 exf5 37. gxf5 Bd8 38. Bxd8 Rxd8 39. Rxh8 Kxh8 40. fxg6
fxg6 41. Bxg6 Kg7 42. Bc2 Ne7 43. Ke2 Rh8 44. Rf1 Rh4 45. Bb3 Kg6 46. Bc2+ Kg7
47. Bb3 Kg6 48. Bf7+ Kg5 49. Kd3 Nf5 50. Be6 Rxd4+ 51. Kc3 Rf4 52. Rxf4 Kxf4
53. Bc8 b6 54. Bd7 Ne7 55. Kd4 Nf5+ 56. Kc4 Ne7 57. cxb6 axb6 58. Bxc6 Nxc6 59.
Kb5 Ne5 60. a4 Ke4 61. Kxb6 Kd5 62. b3 Nd7+ 63. Kc7 Nc5 64. a5 Nxb3 65. a6 Nd4
66. a7 Nb5+ 1/2-1/2

[Event "43. Olimpiada Batumi 2018 Femenina"]
[Site "Batumi GEO"]
[Date "2018.09.30"]
[Round "6.4"]
[White "Ghukasyan, Siranush"]
[Black "Pogonina, Natalija"]
[Result "1-0"]
[WhiteElo "2205"]
[BlackElo "2469"]
[PlyCount "81"]
[EventDate "2018.09.24"]
[EventType "team-swiss"]
[EventRounds "11"]
[EventCountry "GEO"]
[SourceTitle "Ajedrez en Madrid"]
[Source "lmi"]
[SourceDate "2018.09.24"]
[WhiteTeam "Armenia"]
[BlackTeam "Russia"]
[WhiteTeamCountry "ARM"]
[BlackTeamCountry "RUS"]

1. e4 e5 2. Nf3 Nc6 3. Bb5 a6 4. Ba4 Nf6 5. O-O Be7 6. d3 b5 7. Bb3 d6 8. a3
O-O 9. Nc3 Nb8 10. Ng5 h6 11. f4 exf4 12. Nf3 Be6 13. Bxf4 Bxb3 14. cxb3 Nbd7
15. Nd4 Ne5 16. Nf5 Kh7 17. d4 Ng6 18. Be3 c6 19. Qf3 Ng8 20. Rad1 Nh4 21. Nxh4
Bxh4 22. d5 c5 23. e5 f5 24. exd6 Qxd6 25. Bf4 Qd7 26. d6 Rae8 27. Nd5 Bf6 28.
Nb6 Qd8 29. Qc6 Bd4+ 30. Kh1 Re4 31. Nd7 Rfe8 32. Nxc5 Bxc5 33. Qxc5 Qd7 34.
Bg3 Rf8 35. Qd5 Re2 36. Rc1 Nf6 37. Qd3 Rxb2 38. Rc7 Qe6 39. Re7 Qc8 40. Be5
Qc2 41. Qg3 1-0

[Event "43. Olimpiada Batumi 2018 Femenina"]
[Site "Batumi GEO"]
[Date "2018.09.30"]
[Round "6.1"]
[White "Mammadzada, Gunay"]
[Black "Rogule, Laura"]
[Result "1/2-1/2"]
[WhiteElo "2438"]
[BlackElo "2268"]
[PlyCount "107"]
[EventDate "2018.09.24"]
[EventType "team-swiss"]
[EventRounds "11"]
[EventCountry "GEO"]
[SourceTitle "Ajedrez en Madrid"]
[Source "lmi"]
[SourceDate "2018.09.24"]
[WhiteTeam "Azerbaijan"]
[BlackTeam "Latvia"]
[WhiteTeamCountry "AZE"]
[BlackTeamCountry "LAT"]

1. e4 c5 2. Nf3 Nc6 3. d4 cxd4 4. Nxd4 Nf6 5. Nc3 d6 6. f3 e5 7. Nb3 Be7 8. Be3
O-O 9. Qd2 a5 10. Bb5 Na7 11. Bxa7 Rxa7 12. a4 Be6 13. O-O-O Ra8 14. Kb1 Qc7
15. g4 Rfd8 16. g5 Nh5 17. Nd5 Bxd5 18. exd5 Rf8 19. Qe3 f6 20. gxf6 Rxf6 21.
Rd3 Nf4 22. Rc3 Qd8 23. Rd1 Rh6 24. Qg1 Rg6 25. Qf1 Qb6 26. Nd2 Rf8 27. Nc4 Qd8
28. Ne3 Bh4 29. Rb3 Rf7 30. Bd3 Nxd3 31. Qxd3 Bf2 32. Nc4 Rgf6 33. Nd2 Bd4 34.
Ne4 Rh6 35. Qe2 Rh4 36. Qg2 Rh5 37. Qg4 Rhf5 38. c3 Bb6 39. h4 h6 40. Qg6 Bc7
41. Rxb7 Rxf3 42. h5 Qc8 43. Nxd6 Bxd6 44. Rxf7 Rxf7 45. Qxd6 Qf5+ 46. Ka2 Qxh5
47. Re1 Qh4 48. Qxe5 Qxa4+ 49. Kb1 Rf2 50. Qe4 Qb3 51. Qe8+ Kh7 52. Qe4+ Kg8
53. Qe8+ Kh7 54. Qe4+ 1/2-1/2

[Event "43. Olimpiada Batumi 2018 Femenina"]
[Site "Batumi GEO"]
[Date "2018.09.30"]
[Round "6.2"]
[White "Berzina, Ilze"]
[Black "Balajayeva, Khanim"]
[Result "1/2-1/2"]
[WhiteElo "2218"]
[BlackElo "2326"]
[PlyCount "61"]
[EventDate "2018.09.24"]
[EventType "team-swiss"]
[EventRounds "11"]
[EventCountry "GEO"]
[SourceTitle "Ajedrez en Madrid"]
[Source "lmi"]
[SourceDate "2018.09.24"]
[WhiteTeam "Latvia"]
[BlackTeam "Azerbaijan"]
[WhiteTeamCountry "LAT"]
[BlackTeamCountry "AZE"]

1. e4 e5 2. Nf3 Nc6 3. Bb5 a6 4. Ba4 Nf6 5. O-O Be7 6. Re1 b5 7. Bb3 d6 8. c3
O-O 9. h3 Bb7 10. d4 Re8 11. Ng5 Rf8 12. Nf3 Re8 13. Ng5 Rf8 14. Nf3 Re8 15.
Ng5 Rf8 16. Nf3 Re8 17. Ng5 Rf8 18. Nf3 Re8 19. Ng5 Rf8 20. Nf3 Re8 21. Ng5 Rf8
22. Nf3 Re8 23. Ng5 Rf8 24. Nf3 Re8 25. Ng5 Rf8 26. Nf3 Re8 27. Ng5 Rf8 28. Nf3
Re8 29. Ng5 Rf8 30. Nf3 Re8 31. Ng5 1/2-1/2

[Event "43. Olimpiada Batumi 2018 Femenina"]
[Site "Batumi GEO"]
[Date "2018.09.30"]
[Round "6.3"]
[White "Mammadova, Gulnar"]
[Black "Krumina, Linda"]
[Result "1/2-1/2"]
[WhiteElo "2355"]
[BlackElo "2081"]
[PlyCount "101"]
[EventDate "2018.09.24"]
[EventType "team-swiss"]
[EventRounds "11"]
[EventCountry "GEO"]
[SourceTitle "Ajedrez en Madrid"]
[Source "lmi"]
[SourceDate "2018.09.24"]
[WhiteTeam "Azerbaijan"]
[BlackTeam "Latvia"]
[WhiteTeamCountry "AZE"]
[BlackTeamCountry "LAT"]

1. e4 c5 2. Nf3 a6 3. b3 Nf6 4. e5 Nd5 5. c4 Nc7 6. Bb2 Nc6 7. Nc3 Ne6 8. Nd5
Ned4 9. Nxd4 cxd4 10. c5 d6 11. Nb6 Rb8 12. Nxc8 Rxc8 13. e6 f6 14. Bd3 g6 15.
f4 dxc5 16. O-O Bg7 17. f5 Ne5 18. Be4 Qb6 19. d3 Bh6 20. Bc1 Bxc1 21. Rxc1 Kf8
22. h4 Kg7 23. g4 h5 24. g5 Ng4 25. Qf3 Qc7 26. Qf4 Ne3 27. Rf2 Qxf4 28. Rxf4
fxg5 29. hxg5 gxf5 30. Bxb7 Rc7 31. Bf3 Kg6 32. Rxd4 Kxg5 33. Rd7 Rxd7 34. exd7
Kf4 35. Bxh5 Rg8+ 36. Kf2 Rd8 37. Re1 Nd5 38. Be8 e5 39. Rc1 Nf6 40. Rxc5 Nxe8
41. dxe8=Q Rxe8 42. Rc6 Rh8 43. Rxa6 Rh2+ 44. Kg1 Rd2 45. b4 Rxd3 46. b5 Kf3
47. b6 e4 48. Ra3 Rxa3 49. b7 Rxa2 50. b8=Q Rd2 51. Qb5 1/2-1/2

[Event "43. Olimpiada Batumi 2018 Femenina"]
[Site "Batumi GEO"]
[Date "2018.09.30"]
[Round "6.4"]
[White "Limanovska, Elizabete"]
[Black "Fataliyeva, Ulviyya"]
[Result "0-1"]
[WhiteElo "2064"]
[BlackElo "2320"]
[PlyCount "56"]
[EventDate "2018.09.24"]
[EventType "team-swiss"]
[EventRounds "11"]
[EventCountry "GEO"]
[SourceTitle "Ajedrez en Madrid"]
[Source "lmi"]
[SourceDate "2018.09.24"]
[WhiteTeam "Latvia"]
[BlackTeam "Azerbaijan"]
[WhiteTeamCountry "LAT"]
[BlackTeamCountry "AZE"]

1. e4 e6 2. d4 d5 3. Nd2 c5 4. exd5 exd5 5. Bb5+ Nc6 6. Qe2+ Be7 7. dxc5 Nf6 8.
Nb3 O-O 9. Be3 a6 10. Ba4 Ng4 11. O-O-O Nxe3 12. Qxe3 Bf6 13. Nf3 Qc7 14. h4
Nb4 15. Qd2 Nxc2 16. Qxc2 Qf4+ 17. Nbd2 Bf5 18. Qb3 Rac8 19. Qxd5 Be6 20. Qe4
Rxc5+ 21. Bc2 Rfc8 22. Ne1 Qh6 23. Qe3 Bf5 24. Qxh6 Rxc2+ 25. Nxc2 Rxc2+ 26.
Kb1 Rxb2+ 27. Kc1 Rc2+ 28. Kb1 Rc6+ 0-1

[Event "43. Olimpiada Batumi 2018 Femenina"]
[Site "Batumi GEO"]
[Date "2018.09.30"]
[Round "6.1"]
[White "Zimina, Olga"]
[Black "Ordaz Valdes, Lisandra Teresa"]
[Result "1-0"]
[WhiteElo "2421"]
[BlackElo "2415"]
[PlyCount "107"]
[EventDate "2018.09.24"]
[EventType "team-swiss"]
[EventRounds "11"]
[EventCountry "GEO"]
[SourceTitle "Ajedrez en Madrid"]
[Source "lmi"]
[SourceDate "2018.09.24"]
[WhiteTeam "Italy"]
[BlackTeam "Cuba"]
[WhiteTeamCountry "ITA"]
[BlackTeamCountry "CUB"]

1. Nf3 d5 2. c4 e6 3. g3 dxc4 4. Bg2 Nf6 5. Qa4+ Bd7 6. Qxc4 c5 7. Ne5 Qc8 8.
Qd3 Bc6 9. Nxc6 Nxc6 10. Qb5 Nd5 11. Nc3 Qd7 12. O-O Be7 13. d3 O-O 14. Bd2
Rfd8 15. Rfc1 Rac8 16. Ne4 b6 17. Kf1 Qc7 18. Qa4 Qe5 19. Rab1 Qh5 20. h3 Qe5
21. a3 a5 22. Nc3 Qb8 23. Nb5 Bf6 24. h4 h6 25. Bc3 Be7 26. Qg4 Bf8 27. Kg1 Na7
28. Nxa7 Qxa7 29. Be5 Qd7 30. b3 Ne7 31. Rc4 Nd5 32. Rbc1 Kh8 33. Qh5 Nf6 34.
Qf3 Be7 35. g4 Kg8 36. g5 hxg5 37. hxg5 Nh7 38. Qh5 Bxg5 39. Rg4 f6 40. f4 Qe8
41. Qh2 fxe5 42. fxg5 Rd4 43. Be4 Rxe4 44. dxe4 Rd8 45. g6 Nf6 46. Rf1 Rd7 47.
Rf3 Rd1+ 48. Kg2 Qb5 49. Rf2 Rd7 50. Qxe5 Kf8 51. Qxe6 Re7 52. Qd6 Ke8 53. Rh4
Qxb3 54. Rxf6 1-0

[Event "43. Olimpiada Batumi 2018 Femenina"]
[Site "Batumi GEO"]
[Date "2018.09.30"]
[Round "6.2"]
[White "Marrero Lopez, Yaniet"]
[Black "Sedina, Elena"]
[Result "0-1"]
[WhiteElo "2281"]
[BlackElo "2267"]
[PlyCount "56"]
[EventDate "2018.09.24"]
[EventType "team-swiss"]
[EventRounds "11"]
[EventCountry "GEO"]
[SourceTitle "Ajedrez en Madrid"]
[Source "lmi"]
[SourceDate "2018.09.24"]
[WhiteTeam "Cuba"]
[BlackTeam "Italy"]
[WhiteTeamCountry "CUB"]
[BlackTeamCountry "ITA"]

1. e4 e6 2. d4 d5 3. e5 c5 4. c3 Nc6 5. Nf3 Bd7 6. Be2 Nge7 7. Na3 cxd4 8. cxd4
Nf5 9. Nc2 Be7 10. O-O O-O 11. Rb1 a5 12. a3 a4 13. Bd2 Rc8 14. Bd3 f6 15. g4
fxe5 16. dxe5 Nh4 17. Ncd4 Nxd4 18. Nxd4 Bc5 19. Nc2 Nf3+ 20. Kg2 Qh4 21. h3
Nxe5 22. f4 Nxd3 23. Rf3 Nf2 24. Be1 Nxd1 25. Bxh4 Bb6 26. Nb4 Ne3+ 27. Kh1 d4
28. Bf2 Nc2 0-1

[Event "43. Olimpiada Batumi 2018 Femenina"]
[Site "Batumi GEO"]
[Date "2018.09.30"]
[Round "6.3"]
[White "Di Benedetto, Desiree"]
[Black "Llaudy Pupo, Lisandra"]
[Result "0-1"]
[WhiteElo "2321"]
[BlackElo "2294"]
[PlyCount "72"]
[EventDate "2018.09.24"]
[EventType "team-swiss"]
[EventRounds "11"]
[EventCountry "GEO"]
[SourceTitle "Ajedrez en Madrid"]
[Source "lmi"]
[SourceDate "2018.09.24"]
[WhiteTeam "Italy"]
[BlackTeam "Cuba"]
[WhiteTeamCountry "ITA"]
[BlackTeamCountry "CUB"]

1. d4 Nf6 2. c4 e6 3. Nc3 Bb4 4. Qc2 O-O 5. e4 d5 6. e5 Ne4 7. Bd3 c5 8. Nge2
cxd4 9. Nxd4 Nd7 10. Bf4 Ndc5 11. O-O Nxd3 12. Qxd3 Bxc3 13. bxc3 b6 14. cxd5
exd5 15. Rfe1 Be6 16. Qe3 Rc8 17. Rac1 Rc4 18. f3 Nc5 19. Nb5 Ra4 20. Red1 a6
21. Nd4 Qc7 22. g4 Rxa2 23. Kh1 Qc8 24. Rg1 Nd7 25. Rg3 Qc4 26. Rh3 Re8 27. Bh6
Bxg4 28. Qg5 g6 29. fxg4 f6 30. exf6 Ne5 31. f7+ Nxf7 32. Qf6 Nxh6 33. Rxh6 Qd3
34. Rf1 Qe4+ 35. Nf3 Rf8 36. Qd6 Rxf3 0-1

[Event "43. Olimpiada Batumi 2018 Femenina"]
[Site "Batumi GEO"]
[Date "2018.09.30"]
[Round "6.4"]
[White "Miranda Llanes, Yerisbel"]
[Black "Brunello, Marina"]
[Result "0-1"]
[WhiteElo "2239"]
[BlackElo "2294"]
[PlyCount "84"]
[EventDate "2018.09.24"]
[EventType "team-swiss"]
[EventRounds "11"]
[EventCountry "GEO"]
[SourceTitle "Ajedrez en Madrid"]
[Source "lmi"]
[SourceDate "2018.09.24"]
[WhiteTeam "Cuba"]
[BlackTeam "Italy"]
[WhiteTeamCountry "CUB"]
[BlackTeamCountry "ITA"]

1. d4 d5 2. c4 c6 3. Nf3 Nf6 4. Nc3 e6 5. Bg5 h6 6. Bxf6 Qxf6 7. Qb3 a5 8. c5
Nd7 9. e4 Qd8 10. exd5 exd5 11. Bd3 Be7 12. O-O O-O 13. Rfe1 Bf6 14. Na4 Qc7
15. Bc2 Rb8 16. Qd3 g6 17. h4 h5 18. Qe3 b5 19. Nc3 Ba6 20. Ne2 Rbe8 21. Qd3
Re7 22. Ng3 Rfe8 23. Qd2 Nf8 24. Bd3 Bc8 25. Rxe7 Rxe7 26. Ne2 Bg4 27. Ng5 Bxe2
28. Bxe2 Bxd4 29. Bxb5 Bxc5 30. Ba4 Ne6 31. Rc1 Bb4 32. Qd1 Nxg5 33. hxg5 Re1+
34. Qxe1 Bxe1 35. Rxe1 c5 36. g3 Kg7 37. Kg2 h4 38. f4 d4 39. b3 d3 40. Re3 Qd6
41. Re1 d2 42. Rd1 Qd3 0-1

[Event "43. Olimpiada Batumi 2018 Femenina"]
[Site "Batumi GEO"]
[Date "2018.09.30"]
[Round "6.1"]
[White "Dzagnidze, Nana"]
[Black "Melia, Salome"]
[Result "1/2-1/2"]
[WhiteElo "2509"]
[BlackElo "2391"]
[PlyCount "94"]
[EventDate "2018.09.24"]
[EventType "team-swiss"]
[EventRounds "11"]
[EventCountry "GEO"]
[SourceTitle "Ajedrez en Madrid"]
[Source "lmi"]
[SourceDate "2018.09.24"]
[WhiteTeam "Georgia 1"]
[BlackTeam "Georgia 2"]

1. c4 e5 2. Nc3 Bb4 3. Qc2 Nc6 4. Nf3 Nf6 5. a3 Bxc3 6. Qxc3 e4 7. Nd4 O-O 8.
b4 d6 9. Nxc6 bxc6 10. Bb2 Re8 11. e3 Re5 12. f4 exf3 13. gxf3 a5 14. bxa5 Bf5
15. Bg2 Rexa5 16. O-O Qd7 17. Kh1 Bg6 18. e4 Rg5 19. d3 Nh5 20. Rf2 f5 21. Qc1
Qe7 22. Bc3 fxe4 23. fxe4 Rg4 24. Qe3 Qh4 25. Rf3 Rf4 26. Raf1 Raf8 27. Kg1
Rxf3 28. Rxf3 Nf4 29. Bd2 Nxg2 30. Rxf8+ Kxf8 31. Qf3+ Ke8 32. Kxg2 Bh5 33. Qf5
Qg4+ 34. Qxg4 Bxg4 35. Kf2 Bd1 36. c5 dxc5 37. Bf4 Kd7 38. Ke3 Ba4 39. Kd2 Bb5
40. Kc3 g6 41. Bh6 Ke7 42. h4 Ba4 43. Kc4 Bb5+ 44. Kxc5 Bxd3 45. e5 Bb5 46. Kb4
Ke6 47. a4 Bxa4 1/2-1/2

[Event "43. Olimpiada Batumi 2018 Femenina"]
[Site "Batumi GEO"]
[Date "2018.09.30"]
[Round "6.2"]
[White "Charkhalashvili, Inga"]
[Black "Javakhishvili, Lela"]
[Result "0-1"]
[WhiteElo "2317"]
[BlackElo "2475"]
[PlyCount "113"]
[EventDate "2018.09.24"]
[EventType "team-swiss"]
[EventRounds "11"]
[EventCountry "GEO"]
[SourceTitle "Ajedrez en Madrid"]
[Source "lmi"]
[SourceDate "2018.09.24"]
[WhiteTeam "Georgia 2"]
[BlackTeam "Georgia 1"]

1. c4 Nf6 2. Nc3 e5 3. Nf3 Nc6 4. e3 d5 5. cxd5 Nxd5 6. Bb5 Nxc3 7. bxc3 Bd6 8.
d4 exd4 9. cxd4 O-O 10. O-O Bg4 11. h3 Bh5 12. Be2 Qe7 13. Bb2 Rfd8 14. Qb3 Nb4
15. Rfe1 a5 16. a4 c6 17. Bd1 Bg6 18. e4 Bxe4 19. Nd2 Bd5 20. Rxe7 Bxb3 21.
Rxb7 Bd5 22. Bb3 Rab8 23. Rxb8 Rxb8 24. Bxd5 cxd5 25. Rb1 Na2 26. Ba1 Bb4 27.
Kf1 Rc8 28. Nb3 f6 29. Bb2 Rc2 30. Na1 Rc4 31. Nb3 Nc3 32. Ra1 Ne4 33. Rc1 Kf7
34. f3 Nd2+ 35. Nxd2 Bxd2 36. Rxc4 dxc4 37. Ke2 Bb4 38. d5 Ke7 39. Ke3 Bc5+ 40.
Bd4 Kd6 41. Bxc5+ Kxc5 42. d6 Kxd6 43. Kd4 c3 44. Kxc3 Kc5 45. f4 g6 46. g4 g5
47. f5 h6 48. Kd3 Kb4 49. Kd4 Kxa4 50. Kd5 Kb5 51. Ke6 a4 52. Kxf6 a3 53. Ke7
a2 54. f6 a1=Q 55. f7 Qg7 56. Ke8 Kc6 57. Ke7 0-1

[Event "43. Olimpiada Batumi 2018 Femenina"]
[Site "Batumi GEO"]
[Date "2018.09.30"]
[Round "6.3"]
[White "Khotenashvili, Bela"]
[Black "Gvetadze, Sofio"]
[Result "1/2-1/2"]
[WhiteElo "2469"]
[BlackElo "2325"]
[PlyCount "90"]
[EventDate "2018.09.24"]
[EventType "team-swiss"]
[EventRounds "11"]
[EventCountry "GEO"]
[SourceTitle "Ajedrez en Madrid"]
[Source "lmi"]
[SourceDate "2018.09.24"]
[WhiteTeam "Georgia 1"]
[BlackTeam "Georgia 2"]

1. d4 Nf6 2. Bg5 d6 3. Bxf6 exf6 4. c4 g6 5. Nc3 Bg7 6. g3 O-O 7. Bg2 f5 8. e3
Nd7 9. Nge2 Nf6 10. Qd3 c6 11. b4 a5 12. b5 Bd7 13. Rb1 Re8 14. O-O h5 15. bxc6
bxc6 16. h4 Ng4 17. Nf4 Bf6 18. Rb7 Bc8 19. Rb2 d5 20. cxd5 Ba6 21. Qd2 Bxf1
22. Kxf1 cxd5 23. Bxd5 Rc8 24. Nce2 Kg7 25. a4 Rc7 26. Rb5 Ra7 27. Ng1 Qc7 28.
Nf3 Bd8 29. Rc5 Qd6 30. Qd3 Rc7 31. Qb5 Rxc5 32. dxc5 Qe7 33. Bc6 Rf8 34. Kg2
Qf6 35. Bd5 Qc3 36. c6 Bf6 37. Ne2 Qc2 38. Bb3 Qb2 39. Bc4 Qc2 40. Bb3 Qb2 41.
Qc4 Kh6 42. Qf4+ Kh7 43. Qc4 Kh6 44. Qf4+ Kh7 45. Qc4 Kh6 1/2-1/2

[Event "43. Olimpiada Batumi 2018 Femenina"]
[Site "Batumi GEO"]
[Date "2018.09.30"]
[Round "6.4"]
[White "Khukhashvili, Sopiko"]
[Black "Arabidze, Meri"]
[Result "1/2-1/2"]
[WhiteElo "2301"]
[BlackElo "2404"]
[PlyCount "167"]
[EventDate "2018.09.24"]
[EventType "team-swiss"]
[EventRounds "11"]
[EventCountry "GEO"]
[SourceTitle "Ajedrez en Madrid"]
[Source "lmi"]
[SourceDate "2018.09.24"]
[WhiteTeam "Georgia 2"]
[BlackTeam "Georgia 1"]

1. e4 e5 2. Nf3 Nc6 3. d3 Nf6 4. Be2 d5 5. Nbd2 Be7 6. c3 O-O 7. O-O Re8 8. Qc2
a5 9. a4 h6 10. Re1 Be6 11. Nf1 Qb8 12. h3 Qa7 13. Ng3 Rad8 14. Bf1 Bf8 15. Qe2
d4 16. Nh2 Qc5 17. Bd2 Qb6 18. Reb1 Ne7 19. Ng4 Nxg4 20. hxg4 g6 21. b4 dxc3
22. Bxc3 Nc6 23. bxa5 Qa7 24. Rb2 Bc8 25. Qe3 Qa8 26. Rab1 Nxa5 27. f4 Nc6 28.
a5 Bg7 29. f5 Qa7 30. Qxa7 Nxa7 31. Bd2 Bf8 32. Rc2 c6 33. Rb6 Kh7 34. Be3 Be7
35. Be2 Rd7 36. Rbb2 Nb5 37. a6 bxa6 38. Rxc6 Bb7 39. Rc4 Bg5 40. Bxg5 hxg5 41.
Kf2 Kg7 42. Nf1 Rc8 43. Rxc8 Bxc8 44. Ne3 f6 45. Nc4 Rc7 46. Ke3 Bd7 47. Bf3
Be8 48. Kd2 Bf7 49. Na5 Nd4 50. Bd1 Rc5 51. Nb7 Rb5 52. Kc3 Rxb2 53. Kxb2 Be8
54. Kc3 gxf5 55. gxf5 Bb5 56. Nc5 Kf7 57. Kb4 Nc6+ 58. Kc3 Nd4 59. Kb4 Nc6+ 60.
Kc3 Nd4 61. Ba4 Ne2+ 62. Kd2 Nd4 63. Bxb5 axb5 64. Kc3 Ne2+ 65. Kb4 Nf4 66. g3
Ne2 67. g4 Nd4 68. Kc3 Nf3 69. Ne6 Nh2 70. Nc7 Nxg4 71. Nxb5 Nf2 72. Kd2 Nh3
73. d4 exd4 74. Nxd4 Nf2 75. Ke3 Ng4+ 76. Ke2 Ke7 77. Nb5 Kd7 78. Kf3 Ne5+ 79.
Ke3 Ke7 80. Nc3 Ng4+ 81. Kd4 Ne5 82. Nd5+ Kf7 83. Ke3 Ng4+ 84. Kf3 1/2-1/2

[Event "43. Olimpiada Batumi 2018 Femenina"]
[Site "Batumi GEO"]
[Date "2018.09.30"]
[Round "6.1"]
[White "Cornette, Deimante"]
[Black "Saduakassova, Dinara"]
[Result "1-0"]
[WhiteElo "2462"]
[BlackElo "2474"]
[PlyCount "85"]
[EventDate "2018.09.24"]
[EventType "team-swiss"]
[EventRounds "11"]
[EventCountry "GEO"]
[SourceTitle "Ajedrez en Madrid"]
[Source "lmi"]
[SourceDate "2018.09.24"]
[WhiteTeam "Lithuania"]
[BlackTeam "Kazakhstan"]
[WhiteTeamCountry "LTU"]
[BlackTeamCountry "KAZ"]

1. e4 c5 2. Nf3 e6 3. d4 cxd4 4. Nxd4 Nc6 5. Nc3 Qc7 6. Be3 a6 7. Qf3 Nf6 8.
O-O-O Ne5 9. Qg3 b5 10. a3 Bb7 11. Bxb5 Rc8 12. Ba4 Nxe4 13. Nxe4 Bxe4 14. Bf4
Qa5 15. Bxe5 Qxa4 16. Rd2 h5 17. Re1 Bg6 18. Bd6 Qc4 19. Bxf8 Kxf8 20. Kb1 Kg8
21. f4 Kh7 22. Qf2 Rc7 23. g4 hxg4 24. f5 Bh5 25. Qh4 Kg8 26. fxe6 f6 27. Nf5
d5 28. e7 Be8 29. Qf2 Rh5 30. Re6 d4 31. Nxd4 Rd5 32. Re1 Qc5 33. Qe3 Re5 34.
Qb3+ Kh7 35. Rxe5 Qxe5 36. Qd3+ Kg8 37. Nf5 Rd7 38. Qc4+ Kh7 39. Qxg4 g6 40.
Qh3+ Kg8 41. Nh6+ Kg7 42. Rxd7 Qe1+ 43. Ka2 1-0

[Event "43. Olimpiada Batumi 2018 Femenina"]
[Site "Batumi GEO"]
[Date "2018.09.30"]
[Round "6.2"]
[White "Abdumalik, Zhansaya"]
[Black "Zaksaite, Salomeja"]
[Result "1-0"]
[WhiteElo "2482"]
[BlackElo "2278"]
[PlyCount "121"]
[EventDate "2018.09.24"]
[EventType "team-swiss"]
[EventRounds "11"]
[EventCountry "GEO"]
[SourceTitle "Ajedrez en Madrid"]
[Source "lmi"]
[SourceDate "2018.09.24"]
[WhiteTeam "Kazakhstan"]
[BlackTeam "Lithuania"]
[WhiteTeamCountry "KAZ"]
[BlackTeamCountry "LTU"]

1. e4 c5 2. Nf3 Nc6 3. d4 cxd4 4. Nxd4 Nf6 5. Nc3 e5 6. Ndb5 d6 7. Bg5 a6 8.
Na3 b5 9. Nd5 Be7 10. Bxf6 Bxf6 11. c4 Nd4 12. cxb5 Be6 13. Bc4 axb5 14. Bxb5+
Kf8 15. Bc4 Qa5+ 16. Qd2 Bd8 17. Ne3 g6 18. Bxe6 fxe6 19. Nac4 Qxd2+ 20. Kxd2
Bg5 21. h4 Bf4 22. Kd3 Ke7 23. g3 Bh6 24. Ng4 Bg7 25. h5 gxh5 26. Rxh5 Nb3 27.
Rah1 Nc5+ 28. Ke3 h6 29. a3 Rhb8 30. b4 Nxe4 31. Ngxe5 Bxe5 32. Kxe4 Bg7 33.
Kd3 Rc8 34. Re1 Ra6 35. Rb5 Rac6 36. Rb7+ Kf8 37. Re4 d5 38. Rf4+ Kg8 39. Nb6
Rc3+ 40. Kd2 R8c7 41. Rxc7 Rxc7 42. a4 Bc3+ 43. Kd3 d4 44. b5 e5 45. Rf5 Be1
46. Nc4 Ra7 47. b6 e4+ 48. Kxe4 Rxa4 49. Kxd4 Rb4 50. Kc5 Rb1 51. g4 Kg7 52.
Rf4 Kg6 53. Ne5+ Kg7 54. Kc6 Bd2 55. Rf7+ Kg8 56. b7 Bc3 57. Re7 Kf8 58. Ng6+
Kg8 59. f4 Ba5 60. f5 Rb6+ 61. Kc5 1-0

[Event "43. Olimpiada Batumi 2018 Femenina"]
[Site "Batumi GEO"]
[Date "2018.09.30"]
[Round "6.3"]
[White "Batyte, Daiva"]
[Black "Nakhbayeva, Guliskhan"]
[Result "0-1"]
[WhiteElo "2172"]
[BlackElo "2394"]
[PlyCount "98"]
[EventDate "2018.09.24"]
[EventType "team-swiss"]
[EventRounds "11"]
[EventCountry "GEO"]
[SourceTitle "Ajedrez en Madrid"]
[Source "lmi"]
[SourceDate "2018.09.24"]
[WhiteTeam "Lithuania"]
[BlackTeam "Kazakhstan"]
[WhiteTeamCountry "LTU"]
[BlackTeamCountry "KAZ"]

1. Nf3 d5 2. g3 c6 3. Bg2 Bg4 4. d4 Nd7 5. Nbd2 Ngf6 6. O-O e6 7. Re1 Be7 8. e4
O-O 9. c4 Bh5 10. e5 Ne8 11. b3 a5 12. a4 Nc7 13. Ba3 Bxa3 14. Rxa3 Na6 15. Nf1
Nb4 16. Ne3 f6 17. cxd5 cxd5 18. g4 Bg6 19. Nh4 Bf7 20. Nf3 fxe5 21. dxe5 Bg6
22. Nd4 Qe7 23. Ra1 Kh8 24. Nec2 Nd3 25. Re2 N7xe5 26. Ne1 Be4 27. Nxd3 Nxd3
28. Bxe4 dxe4 29. Raa2 Rf4 30. h3 Rd8 31. Qa1 h5 32. f3 Qc5 33. Rxe4 Rxe4 34.
fxe4 Qxd4+ 35. Qxd4 Rxd4 36. gxh5 Rxe4 37. Rc2 Kh7 38. Rc3 Nf4 39. Kf2 Nxh5 40.
Rc7 Rb4 41. Rc5 Nf4 42. Kg3 Nd5 43. Rxa5 Rxb3+ 44. Kg4 Kg6 45. Ra7 Nf6+ 46. Kf4
Nd7 47. a5 Rb4+ 48. Kg3 Nc5 49. h4 Kh5 0-1

[Event "43. Olimpiada Batumi 2018 Femenina"]
[Site "Batumi GEO"]
[Date "2018.09.30"]
[Round "6.4"]
[White "Dauletova, Gulmira"]
[Black "Sibajeva, Marija"]
[Result "0-1"]
[WhiteElo "2263"]
[BlackElo "1980"]
[PlyCount "96"]
[EventDate "2018.09.24"]
[EventType "team-swiss"]
[EventRounds "11"]
[EventCountry "GEO"]
[SourceTitle "Ajedrez en Madrid"]
[Source "lmi"]
[SourceDate "2018.09.24"]
[WhiteTeam "Kazakhstan"]
[BlackTeam "Lithuania"]
[WhiteTeamCountry "KAZ"]
[BlackTeamCountry "LTU"]

1. e4 c5 2. Nf3 e6 3. d4 cxd4 4. Nxd4 a6 5. c4 Nf6 6. Nc3 Qc7 7. a3 d6 8. Be2
b6 9. Be3 Bb7 10. f3 Nbd7 11. Rc1 Rc8 12. O-O Be7 13. Qd2 O-O 14. b4 Rfe8 15.
Rc2 Qb8 16. Rb1 Bf8 17. Na4 Qa7 18. Nb3 Bc6 19. Nc3 Qa8 20. a4 d5 21. exd5 exd5
22. cxd5 Bxd5 23. Nd4 Bc4 24. Bxc4 Rxc4 25. Nce2 Rxb4 26. Rxb4 Bxb4 27. Qxb4
Rxe3 28. Nf5 Re8 29. Ne7+ Kh8 30. Nf4 Qb8 31. Nc6 Qc7 32. Qd4 Nc5 33. Nb4 Rd8
34. Qe3 Rd1+ 35. Kf2 a5 36. Ke2 Rd8 37. Na6 Qc8 38. Nxc5 Re8 39. Ne4 Qxc2+ 40.
Qd2 Qxd2+ 41. Kxd2 Nxe4+ 42. fxe4 Rxe4 43. Ne2 Rxa4 44. Nc3 Ra3 45. Nd5 Ra2+
46. Kc3 Rxg2 47. Nxb6 Rxh2 48. Nc4 a4 0-1